| 000 | 01650nam a22002657a 4500 | ||
|---|---|---|---|
| 999 |
_c57973 _d57973 |
||
| 003 | Ge_BSU | ||
| 005 | 20230913124215.0 | ||
| 008 | 210414s2006 ge ||||| |||| 00| 0 geo d | ||
| 020 | _a9994008617 | ||
| 041 | _ageo | ||
| 080 | _a070 -კ-65 | ||
| 100 |
_aკოვაჩი, ბილ. _911333 |
||
| 245 |
_aჟურნალისტიკის ელემენტები : _bრა უნდა იცოდნენ ახალი ამბების სფეროს მუშაკებმა და რას უნდა მოელოდეს მათგან საზოგადოება / _cბილ კოვაჩი, ტომ როზენსტილი; [მთარგმნ.: ნოდარ მანჩხაშვილი, ბიძინა მაყაშვილი ; რედ. ანა ჭაბაშვილი ] |
||
| 250 | _a1-ლი ქართ. გამოც. | ||
| 264 |
_aთბილისი : _bიმპრესი, _c2006. |
||
| 300 |
_a252 გვ.; _c20 სმ. |
||
| 653 | _aჟურნალისტიკა. | ||
| 653 | _aმასმედია | ||
| 700 |
_aროზენსტილი, ტომ _911334 |
||
| 700 |
_aმანჩხაშვილი, ნოდარ _eმთარგმნელი _9394 |
||
| 700 |
_aმაყაშვილი, ბიძინა _eმთარგმნელი _911335 |
||
| 700 |
_aჭაბაშვილი, ანა _eრედაქტორი _9995 |
||
| 710 |
_aსაერთაშორისო კვლევ. და გაცვლების საბჭო (IREX) _911336 |
||
| 942 |
_2udc _cBK |
||